[Event "Let's Play Chess! (beginner)"]
[Site "http://www.queenalice.com/game.php?id=1019925"]
[Date "2012.1.30"]
[Round "-"]
[White "rhsatrhs"]
[Black "scrymjaw"]
[Result "1-0"]
[WhiteElo "2052"]
[BlackElo "1512"]

1. e4 e5 2. Nf3 Nc6 3. Bb5 a6 4. Ba4 b5 5. Bb3 Nf6 6. O-O Bc5 7. c3 O-O 8. d4
Bd6 9. Nxe5 Nxe5 10. dxe5 Bxe5 11. f4 Bxf4 12. Rxf4 Bb7 13. e5 Nd5 14. Bxd5 Bxd5
15. Qxd5 c6 16. Qf3 Qe7 17. Re4 Rae8 18. Bf4 d5 19. Re2 Qh4 20. Qg3 Qxg3 21.
Bxg3 f6 22. e6 c5 23. Bd6 1-0

[Event "TOU NEIN AI VERME V"]
[Site "http://www.queenalice.com/game.php?id=1020261"]
[Date "2012.1.30"]
[Round "-"]
[White "rogeriooliveira"]
[Black "scrymjaw"]
[Result "0-1"]
[WhiteElo "1343"]
[BlackElo "1709"]

1. e4 c5 2. d4 cxd4 3. Qxd4 Nc6 4. Qd5 Nf6 5. Qd3 e5 6. Nf3 d5 7. exd5 Nxd5 8.
Qe2 Bd6 9. Nc3 Nxc3 10. bxc3 O-O 11. Bg5 Qa5 12. Bd2 Bf5 13. Kd1 Rfd8 14. g3
Rac8 15. Bg2 e4 16. Ng5 Be5 17. f4 Qxc3 18. Rc1 e3 19. Qxe3 Qxe3 20. c3 Qxd2#
0-1

[Event "TOU NEIN AI VERME XI"]
[Site "http://www.queenalice.com/game.php?id=1020297"]
[Date "2012.1.30"]
[Round "-"]
[White "rogeriooliveira"]
[Black "scrymjaw"]
[Result "0-1"]
[WhiteElo "1327"]
[BlackElo "1661"]

1. e4 e5 2. d4 exd4 3. Qxd4 Nc6 4. Qd5 Nf6 5. Qd3 d5 6. exd5 Nxd5 7. Nc3 Be6 8.
Qe2 Qd6 9. Nf3 Be7 10. Nxd5 Qxd5 11. Nd2 O-O 12. Nb3 Rad8 13. Be3 Rfe8 14. Rd1
Bb4+ 15. Bd2 Bg4 16. Qxe8+ Rxe8+ 17. Be2 Bxe2 18. Rc1 Qxg2 19. Bxb4 Qxh1+ 20.
Kd2 Qd5+ 21. Kc3 Nxb4 22. a3 Na2# 0-1

[Event "Challenge"]
[Site "http://www.queenalice.com/game.php?id=1020307"]
[Date "2012.1.30"]
[Round "-"]
[White "skimonline"]
[Black "scrymjaw"]
[Result "0-1"]
[WhiteElo "1283"]
[BlackElo "1512"]

1. a4 e5 2. Nf3 Nc6 3. d4 exd4 4. e3 dxe3 5. fxe3 d5 6. Bb5 Qd6 7. O-O Bg4 8.
Bxc6+ Qxc6 9. Re1 Bc5 10. h3 Bh5 11. Ne5 Bxd1 12. Nxc6 Bxc2 13. Nc3 Nf6 14. Kh2
Bd6+ 15. Kh1 O-O 16. a5 bxc6 17. g4 Bg3 18. Re2 Bd3 19. Rd2 Be4+ 20. Rg2 Bxg2+
21. Kxg2 Bd6 22. g5 Ne4 23. h4 Nxc3 24. bxc3 Rab8 25. Ra4 c5 26. h5 Be5 27. g6
Bxc3 28. gxh7+ Kxh7 29. e4 d4 30. e5 d3 31. Rc4 Rb3 32. Rxc5 d2 33. Bxd2 Bxd2
34. Rxc7 Be3 35. Kf3 f5 36. Rxa7 Bxa7+ 37. Kf4 Kh6 38. e6 Bb8# 0-1

[Event "Challenge"]
[Site "http://www.queenalice.com/game.php?id=1022500"]
[Date "2012.1.31"]
[Round "-"]
[White "ddelfee"]
[Black "scrymjaw"]
[Result "0-1"]
[WhiteElo "1100"]
[BlackElo "1100"]

1. e4 e6 2. Nf3 d5 3. c4 Nf6 4. b3 Nxe4 5. Bd3 Bc5 6. cxd5 exd5 7. Bb5+ Nc6 8.
a4 Nxf2 9. Qc2 Qe7+ 10. Kf1 Nxh1 11. Nc3 Bg4 12. Ng1 O-O-O 13. Bb2 Rhe8 14. Be2
Qf6+ 15. Ke1 Qf2+ 16. Kd1 Qxg1# 0-1

[Event "Challenge"]
[Site "http://www.queenalice.com/game.php?id=1023059"]
[Date "2012.1.31"]
[Round "-"]
[White "scrymjaw"]
[Black "hambu1"]
[Result "0-1"]
[WhiteElo "1687"]
[BlackElo "1100"]

1. e4 e5 2. Nf3 Nc6 3. Bc4 Bc5 4. O-O Qe7 5. Nc3 Nf6 6. Nd5 Nxd5 7. Bxd5 Nb4 8.
Bc4 Nc6 9. c3 O-O 10. d4 Bd6 11. Bg5 Qe8 12. dxe5 Bxe5 13. Nxe5 Qxe5 14. Qe2
Qxg5 15. Rad1 d6 16. Rd5 Qe7 17. Re1 Be6 18. Rh5 Ne5 19. Bxe6 Qxe6 20. Rh4 Nd7
21. g4 f6 22. f4 g5 23. f5 Qf7 24. Rh5 Kg7 25. h4 h6 26. Qh2 Rh8 27. hxg5 hxg5
28. Rh3 Rxh3 29. Qxh3 Rh8 30. Qe3 Qxa2 31. Re2 Qa6 32. Kf2 Qb6 33. Qxb6 Nxb6 34.
Re1 Nd7 35. Ra1 a6 36. b4 c5 37. Rb1 b5 38. Kf3 Rh3+ 39. Ke2 c4 40. Kd2 Rg3 41.
Ra1 Nb8 42. Kc2 Rxg4 43. Re1 Kf7 44. Kd2 Nd7 45. Ke3 Rg3+ 46. Kd4 Rd3# 0-1

[Event "LuisGa 1"]
[Site "http://www.queenalice.com/game.php?id=1023355"]
[Date "2012.1.31"]
[Round "1"]
[White "scrymjaw"]
[Black "Wavid"]
[Result "1-0"]
[WhiteElo "1618"]
[BlackElo "1605"]

1. e4 e5 2. Nf3 Nc6 3. Bc4 Nf6 4. Nc3 Bc5 5. O-O O-O 6. d3 a6 7. Ng5 b5 8. Bxf7+
Rxf7 9. Nxf7 Kxf7 10. Bg5 h6 11. Bxf6 Qxf6 12. Qh5+ Qg6 13. Qxg6+ Kxg6 14. Nd5
Ra7 15. Ne3 Nd4 16. Rae1 c6 17. c3 Ne6 18. b4 1-0

[Event "Challenge"]
[Site "http://www.queenalice.com/game.php?id=1024615"]
[Date "2012.2.2"]
[Round "-"]
[White "vizelinha"]
[Black "scrymjaw"]
[Result "1-0"]
[WhiteElo "1919"]
[BlackElo "1673"]

1. e4 c5 2. c4 Nc6 3. Nf3 g6 4. b3 Bg7 5. Nc3 e5 6. d3 Nd4 7. Be3 d6 8. Bxd4
exd4 9. Nd5 Nf6 10. Nxf6+ Bxf6 11. Be2 Qa5+ 12. Nd2 O-O 13. O-O Be6 14. h3 Bg5
15. Nf3 Bf4 16. Re1 b5 17. g3 Be5 18. Nxe5 dxe5 19. Bg4 f5 20. exf5 gxf5 21.
Rxe5 Qb6 22. Bh5 f4 23. Qe2 fxg3 24. Rg5+ 1-0

[Event "Challenge"]
[Site "http://www.queenalice.com/game.php?id=1027780"]
[Date "2012.2.8"]
[Round "-"]
[White "scrymjaw"]
[Black "nonalors"]
[Result "1-0"]
[WhiteElo "1546"]
[BlackElo "1576"]

1. e4 e5 2. Nc3 c5 3. Bc4 Nc6 4. Nf3 d6 5. Nd5 Nf6 6. Qe2 Be6 7. d3 Qa5+ 8. Bd2
Qd8 9. O-O-O Nd4 10. Nxd4 cxd4 11. Nxf6+ Qxf6 12. Bb5+ Ke7 13. Rhf1 Rc8 14. f4
Bxa2 15. f5 a6 16. Bc4 Bxc4 17. dxc4 b5 18. cxb5 axb5 19. Qxb5 Qh4 20. Qb7+ Kd8
21. Ba5+ 1-0

[Event "Let's Play Chess!"]
[Site "http://www.queenalice.com/game.php?id=1033887"]
[Date "2012.2.28"]
[Round "-"]
[White "scrymjaw"]
[Black "Elafsson"]
[Result "0-1"]
[WhiteElo "1654"]
[BlackElo "2016"]

1. e4 e5 2. Nf3 Nc6 3. Bc4 Nf6 4. Ng5 Bc5 5. Bxf7+ Ke7 6. Bd5 Rf8 7. O-O d6 8.
c3 h6 9. d4 exd4 10. cxd4 Bxd4 11. Nf3 Bb6 12. Qb3 Bg4 13. Bf4 g5 14. Bg3 Bxf3
15. gxf3 Nd4 16. Qd3 Nxd5 17. exd5 Nxf3+ 18. Kg2 Ne5 19. Re1 Kd7 20. Nc3 Nxd3
21. Re2 Qf6 22. Ne4 Qf3+ 0-1

[Event "Let's Play Chess!"]
[Site "http://www.queenalice.com/game.php?id=1037762"]
[Date "2012.3.10"]
[Round "-"]
[White "spawnwolfwolverine"]
[Black "scrymjaw"]
[Result "0-1"]
[WhiteElo "1625"]
[BlackElo "1682"]

1. d4 Nf6 2. e3 g6 3. Bd3 Bg7 4. Nf3 O-O 5. O-O d6 6. b3 Nc6 7. Bb2 Bg4 8. c4
Re8 9. a4 e5 10. d5 Nb4 11. Ba3 c5 12. Bxb4 cxb4 13. Nbd2 e4 14. h3 exf3 15.
hxg4 fxg2 16. Kxg2 h5 17. gxh5 gxh5 18. e4 Ng4 19. Rc1 Qh4 20. Kf3 f5 21. Rh1
Qxf2# 0-1

[Event "Challenge"]
[Site "http://www.queenalice.com/game.php?id=1037764"]
[Date "2012.3.10"]
[Round "-"]
[White "scrymjaw"]
[Black "PRZ"]
[Result "1-0"]
[WhiteElo "1667"]
[BlackElo "1450"]

1. e4 c5 2. Nf3 Nc6 3. d4 g6 4. Be3 b6 5. Bc4 e6 6. d5 exd5 7. exd5 Nce7 8. Nc3
Nf6 9. O-O Bg7 10. d6 Nf5 11. Nd5 Nxd5 12. Qxd5 Rf8 13. Qe4+ Ne7 14. Bg5 f6 15.
Qxa8 fxg5 16. Nxg5 Nf5 17. Rfe1+ Ne7 18. dxe7 Qxe7 19. Rxe7+ Kxe7 20. Re1+ Kd8
21. Qxa7 Bxb2 22. Qxb6# 1-0

[Event "Challenge"]
[Site "http://www.queenalice.com/game.php?id=1037765"]
[Date "2012.3.10"]
[Round "-"]
[White "PRZ"]
[Black "scrymjaw"]
[Result "0-1"]
[WhiteElo "1371"]
[BlackElo "1636"]

1. e4 Nf6 2. Nc3 d5 3. d4 dxe4 4. Bg5 Bg4 5. f3 exf3 6. gxf3 Bf5 7. Nge2 e6 8.
Bg2 Nc6 9. O-O Bb4 10. a3 Ba5 11. b4 Bb6 12. Bxf6 Qxf6 13. b5 Nxd4 14. Nxd4
Bxd4+ 15. Kh1 Bxc3 16. f4 Bxa1 17. Bxb7 Rd8 18. Bc6+ Ke7 19. Qxa1 Qxa1 20. Rxa1
Bxc2 21. Re1 Rd1 22. Rxd1 Bxd1 23. Kg1 h6 24. Kf2 g5 25. Ke1 Rd8 26. fxg5 hxg5
0-1

[Event "Challenge"]
[Site "http://www.queenalice.com/game.php?id=1037766"]
[Date "2012.3.10"]
[Round "-"]
[White "jamesxirb"]
[Black "scrymjaw"]
[Result "0-1"]
[WhiteElo "1469"]
[BlackElo "1687"]

1. e4 c5 2. d4 cxd4 3. Qxd4 Nc6 4. Qd2 Nf6 5. Qd3 b6 6. c4 Bb7 7. Ne2 e6 8. a3
Bc5 9. b4 Bd6 10. g3 Be5 11. Nbc3 O-O 12. f4 Bxc3+ 13. Nxc3 Ne7 14. h3 d5 15. e5
Ne4 16. cxd5 exd5 17. g4 Rc8 18. f5 Rxc3 19. Qd1 Qc7 20. Bf4 Rc8 21. Bb5 g5 22.
h4 gxf4 23. f6 Re3+ 24. Kf1 Ng3+ 25. Kg1 Nxh1 26. Rc1 Qxe5 27. Bd7 Rg3+ 28. Kxh1
d4+ 29. Kh2 Rxc1 30. Qxc1 Qe2# 0-1

[Event "Let's Play Chess!"]
[Site "http://www.queenalice.com/game.php?id=1044981"]
[Date "2012.4.2"]
[Round "-"]
[White "scrymjaw"]
[Black "Rider"]
[Result "0-1"]
[WhiteElo "1698"]
[BlackElo "1498"]

1. e4 e5 2. Nf3 Nc6 3. Bb5 Qf6 4. O-O Nce7 5. Nc3 c6 6. Ba4 b5 7. Bb3 Ng6 8. d4
d6 9. Bg5 Bg4 10. Bxf6 gxf6 11. Qd3 Be6 12. d5 Bd7 13. dxc6 Bxc6 14. Nxb5 Kd7
15. Bxf7 a6 16. Nc3 Nh6 17. Qc4 Be7 0-1

[Event "Let's Play Chess!"]
[Site "http://www.queenalice.com/game.php?id=1044982"]
[Date "2012.4.2"]
[Round "-"]
[White "digger"]
[Black "scrymjaw"]
[Result "1-0"]
[WhiteElo "1518"]
[BlackElo "1664"]

1. c3 Nf6 2. d4 g6 3. Qb3 Bg7 4. Nf3 O-O 5. Bg5 d6 6. d5 e5 7. dxe6 Bxe6 8. Qxb7
Nbd7 9. Qc6 Rb8 10. b3 Rb6 11. Qa4 Qb8 12. b4 Ne4 13. Be3 Nxc3 14. Qc2 Rc6 15.
Nxc3 Bxc3+ 16. Bd2 Bxa1 17. Qxc6 1-0

[Event "Let's Play Chess!"]
[Site "http://www.queenalice.com/game.php?id=1237491"]
[Date "2013.12.4"]
[Round "-"]
[White "scrymjaw"]
[Black "perucona"]
[Result "0-1"]
[WhiteElo "1573"]
[BlackElo "1270"]

1. e4 e5 2. Nf3 Nc6 3. Bb5 a6 4. Ba4 Nf6 5. O-O b5 6. Bb3 d6 7. c3 Be6 8. d4
exd4 9. Nxd4 Nxd4 10. Qxd4 Be7 11. Bf4 O-O 12. Nd2 h6 0-1

[Event "Let's Play Chess!"]
[Site "http://www.queenalice.com/game.php?id=1237492"]
[Date "2013.12.4"]
[Round "-"]
[White "perucona"]
[Black "scrymjaw"]
[Result "1-0"]
[WhiteElo "1240"]
[BlackElo "1607"]

1. e4 e5 2. d4 exd4 3. Qxd4 Nc6 4. Qd5 Nf6 5. Qd3 Bb4+ 6. Bd2 O-O 7. c3 Ba5 8.
b4 Bb6 9. Na3 Ne5 10. Qg3 d6 11. O-O-O 1-0